LEADER 01175nam a2200265 a 4500 001 000000152328 003 CaOOAMICUS 005 20160615135747.0 008 160615s1955 be u000 u dut r 032 $aLibriCat 040 $aPUL$bita 100 1 $aKrinkels, M.,$cc.ss.r.$0(OLS)http://pul/name/96983 245 13$aDe aard van de briendschap by Aristoteles /$cM. Krinkels, c.ss.r. 260 $aLeuven :$b[s.n.],$c1955. 300 $aVII, 55 p. ;$c24 cm. 502 $aEstratto da tesi -- Pontificium Institutum Angelicum de Urbe, Facultate Philosophiae, 1954. 504 $aBibliografia in nota. 600 04$aAristoteles,$d384-322 a.C.$xCritica e interpretazione.$0(OLS)http://pul/subject/434 710 2 $aPontificio Ateneo Angelicum.$bFacoltà di Filosofia.$kTesi.$0(OLS)http://pul/name/96926 850 $aPUL 852 $aPUL$W1$xDP1 Tesi Pon. Univ. S. Tommaso$y44$mTH S.THOM PH48$j175092$qTesi$B177647$CPULBib$Z2$F177647 $H18317 $81 941 1 $a16 996 $6245$aDe aard van de briendschap by Aristoteles$9(OLS)http://pul/title/191732 996 $6260$aLeuven :$b[s.n.]$9(OLS)http://pul/publisher/58487 LEADER 01806nam a2200385 a 4500 001 000000127505 003 CaOOAMICUS 005 20130404114925.0 008 120207s2002 it u000 u ita r 020 $a88-10-22109-5 040 $aPUL$bita 041 1 $aita$hger 082 04$a220.6 100 1 $aFischer, Georg,$cS.I.,$d1954-$0(OLS)http://pul/name/55106 240 10$aSühne und Versöhnung.$lItaliano.$0(OLS)http://pul/title/161109 245 10$aEspiazione e riconciliazione :$bprospettive dell'Antico e del Nuovo Testamento /$cGeorg Fischer, Knut Backhaus. 260 $aBologna :$bEDB,$cİ2002. 300 $a190 p. ;$c21 cm 490 1 $aCollana biblica.$aI temi della Bibbia ;$v7 500 $aTraduzione dal tedesco di Romeo Fabbri. 504 $aBibliografia p. [185]-186. 630 04$aBiblia.$pV.T.$xEsegesi.$0(OLS)http://pul/subject/2614 630 04$aBiblia.$pN.T.$xEsegesi.$0(OLS)http://pul/subject/17276 700 1 $aBackhaus, Knut.$0(OLS)http://pul/name/41734 700 1 $aFabbri, Romeo.$0(OLS)http://pul/name/30246 830 0$aCollana biblica.$pI temi della Bibbia ;$v7.$0(OLS)http://pul/title/158959 850 $aPUL 852 $aPUL$W1$xSL Religione 3$y85$m220. 6 FISGE 2$j147528$qDDC 21$B146160$CPULBib$Z2$F146160 $H118635 $82 852 $aPUL$W1$xSL Religione 3$y85$m220 COLL 7.7$j153281$a2. copia$qDDC 21$B152837$CPULBib$Z2$F152837 $H121996 $82 941 1 $a9 996 $6020$a88-10-22109-5$9(OLS)http://pul/number/148854 996 $6082$a220.6$9(OLS)http://pul/classification/388 996 $6245$aEspiazione e riconciliazione :$bprospettive dell'Antico e del Nuovo Testamento$9(OLS)http://pul/title/161110 996 $6260$aBologna :$bEDB$9(OLS)http://pul/publisher/56073